<?xml version="1.0" encoding="UTF-8"?>
<collection xmlns="http://www.loc.gov/MARC21/slim">
<record>
  <controlfield tag="001">98272</controlfield>
  <controlfield tag="005">20250201144017.0</controlfield>
  <datafield tag="024" ind1="8" ind2=" ">
    <subfield code="2">sideral</subfield>
    <subfield code="a">121657</subfield>
  </datafield>
  <datafield tag="037" ind1=" " ind2=" ">
    <subfield code="a">ART-2021-121657</subfield>
  </datafield>
  <datafield tag="041" ind1=" " ind2=" ">
    <subfield code="a">spa</subfield>
  </datafield>
  <datafield tag="100" ind1=" " ind2=" ">
    <subfield code="a">Sanz López, Vanessa</subfield>
  </datafield>
  <datafield tag="245" ind1=" " ind2=" ">
    <subfield code="a">Evolución de la utilidad diagnóstica en demencias del Test del Reloj en mujeres mayores institucionalizadas</subfield>
  </datafield>
  <datafield tag="260" ind1=" " ind2=" ">
    <subfield code="c">2021</subfield>
  </datafield>
  <datafield tag="506" ind1="0" ind2=" ">
    <subfield code="a">Access copy available to the general public</subfield>
    <subfield code="f">Unrestricted</subfield>
  </datafield>
  <datafield tag="520" ind1="3" ind2=" ">
    <subfield code="a">El aumento de la esperanza de vida sitúa el impacto mundial de la demencia en más de 50 millones de personas. La enfermedad genera deterioro cognitivo, pérdida de autonomía, y decremento de la calidad de vida en el paciente y en la familia. El diagnóstico tardío de la misma aumenta el gasto sanitario y social, por lo que la evaluación precoz resulta esencial. Factores como la edad y el género influyen notablemente, pero los estudios generalmente son mixtos asumiendo la igualdad básica. Esta investigación tiene como objetivo observar en un estudio longitudinal de 5 años en 157 mujeres mayores, la evolución en la detección de la demencia del Test del Reloj y su correlación con el Mini-Examen Cognoscitivo, los test de autonomía funcional y la edad. Los resultados muestran que el Test del Reloj resulta más idóneo en los primeros síntomas de demencia ya que predice más casos que el Mini-Examen Cognoscitivo en mujeres. Los cambios neuropatológicos producidos por el deterioro cognitivo en estados incipientes se relacionan con la pérdida de las actividades instrumentales de la vida diaria, y la demencia tardía con la pérdida de las actividades básicas de la vida diaria. La edad se asocia tanto al estado cognitivo como al funcional.</subfield>
  </datafield>
  <datafield tag="540" ind1=" " ind2=" ">
    <subfield code="9">info:eu-repo/semantics/openAccess</subfield>
    <subfield code="a">All rights reserved</subfield>
    <subfield code="u">http://www.europeana.eu/rights/rr-f/</subfield>
  </datafield>
  <datafield tag="655" ind1=" " ind2="4">
    <subfield code="a">info:eu-repo/semantics/article</subfield>
    <subfield code="v">info:eu-repo/semantics/publishedVersion</subfield>
  </datafield>
  <datafield tag="700" ind1=" " ind2=" ">
    <subfield code="a">Valero González, Julián Manuel</subfield>
    <subfield code="0">(orcid)0000-0002-6489-5099</subfield>
  </datafield>
  <datafield tag="700" ind1=" " ind2=" ">
    <subfield code="a">Cardoso Moreno, María Jesús</subfield>
    <subfield code="u">Universidad de Zaragoza</subfield>
    <subfield code="0">(orcid)0000-0003-4252-9546</subfield>
  </datafield>
  <datafield tag="710" ind1="2" ind2=" ">
    <subfield code="1">4009</subfield>
    <subfield code="2">735</subfield>
    <subfield code="a">Universidad de Zaragoza</subfield>
    <subfield code="b">Dpto. Psicología y Sociología</subfield>
    <subfield code="c">Área Psicolog.Evolut.Educac</subfield>
  </datafield>
  <datafield tag="773" ind1=" " ind2=" ">
    <subfield code="g">25 (2021), [36 pp.]</subfield>
    <subfield code="p">Psiquiatría.Com</subfield>
    <subfield code="t">Psiquiatría.Com</subfield>
    <subfield code="x">1137-3148</subfield>
  </datafield>
  <datafield tag="856" ind1="4" ind2=" ">
    <subfield code="s">1140174</subfield>
    <subfield code="u">http://zaguan.unizar.es/record/98272/files/texto_completo.pdf</subfield>
    <subfield code="y">Versión publicada</subfield>
  </datafield>
  <datafield tag="856" ind1="4" ind2=" ">
    <subfield code="s">1436357</subfield>
    <subfield code="u">http://zaguan.unizar.es/record/98272/files/texto_completo.jpg?subformat=icon</subfield>
    <subfield code="x">icon</subfield>
    <subfield code="y">Versión publicada</subfield>
  </datafield>
  <datafield tag="856" ind1="4" ind2="1">
    <subfield code="u">https://psiquiatria.com/bibliopsiquis/volumen.php?wurl=evolucion-de-la-utilidad-diagnostica-en-demencias-del-test-del-reloj-en-mujeres-mayores-institucionalizadas</subfield>
    <subfield code="z">Texto completo de la revista</subfield>
  </datafield>
  <datafield tag="909" ind1="C" ind2="O">
    <subfield code="o">oai:zaguan.unizar.es:98272</subfield>
    <subfield code="p">articulos</subfield>
    <subfield code="p">driver</subfield>
  </datafield>
  <datafield tag="951" ind1=" " ind2=" ">
    <subfield code="a">2025-02-01-14:39:18</subfield>
  </datafield>
  <datafield tag="980" ind1=" " ind2=" ">
    <subfield code="a">ARTICLE</subfield>
  </datafield>
</record>
</collection>